| 000 | 00657cam a2200229 a 4500 | ||
|---|---|---|---|
| 001 | 2893602 | ||
| 005 | 20180815050401.0 | ||
| 008 | 870128s1987 stka b 001 0 eng c | ||
| 010 | _a 87000797 | ||
| 020 | _a0443029725 | ||
| 040 |
_aDNLM/DLC _cDLC _dDLC |
||
| 041 | _aeng | ||
| 060 | _aWE 725 M478p | ||
| 080 | _a617.3 | ||
| 082 | 0 | 0 |
_a617.3 _219 |
| 100 | 1 | _a8 | |
| 101 | _aORT | ||
| 245 | 1 | 0 |
_aPractical orthopaedic exposures / _cRonald McRae, with contributions from John Bingham ; original illustrations by the author. |
| 504 | _aIncludes bibliographies and index. | ||
| 906 |
_a7 _bcbc _corignew _d1 _eocip _f19 _gy-gencatlg |
||
| 942 |
_2ddc _cBK |
||
| 999 |
_c47178 _d47178 |
||